Geografia Azji na literę I - Statystyki

Ogólne statystyki
  • Ten quiz został rozwiązany 1 665 razy
  • Średni wynik to 9 z 17
Statystyki odpowiedzi
Wskazówka Odpowiedź % Poprawnych
Państwo z 1,4 miliardami obywateli Indie
99%
Dawniej znany jako Persja Iran
96%
Współczesna Mezopotamia Irak
94%
Stolicą tego państwa jest Dżakarta Indonezja
93%
Językiem urzędowym tego pańtwa jest hebrajski Izrael
91%
Stolica Pakistanu Islamabad
75%
Półwysep w Azji Południowej, gdzie jest Wietnam, Laos, i tak dalej Półwysep {Indochiński}
75%
Miasto w Syberii, niedaleko Bajkału Irkuck
65%
Rzeka Pakistanu, miejsce starożytnej cywilizacji Indus
45%
Trzecie co do wielkości miasto w Turcji, dawniej Smyrna Izmir
42%
Dawny region na Kaukazie, który dzieli nazwę z głównym europejskim półwyspem Iberia
40%
Mała japońska wyspa, w której odbyła się brutalna bitwa II wojny światowej Iwo Jima
26%
Niegdyś stolica powyższego, teraz to trzecie co do wielkości miasto Isfahan
16%
Trzecie największe miasto w Korei Południowej Inczon
10%
Główna rzeka przepływająca przez Mjanmę Irawadi
10%
Popularne japońskie imię, które oznacza "pierwszy syn" Ichirō
5%
Dawna stolica hiszpańskich Filipin, leżącena wyspie Panay Iloilo
5%
Nie znaleziono quizów pasujących do podanych kryteriów
Rozkład punktacji
Procent ludzi z każdym wynikiem
Percentyl według liczby udzielonych odpowiedzi
Twoja historia wyników
Nie rozwiązałeś tego quizu